European Union without the UK Quiz Stats

 Plays Quiz Updated Apr 7, 2018

Challenge
Share
Tweet
Embed
Score 0/28 Timer 04:00
2 Plays Today
Without the UK EU Countries % Correct
Cr _ a_ _ aCroatia
98.2%
_ _ alyItaly
97.2%
Fra _ c _France
97.1%
Sw _ _ _ _ Sweden
96.9%
Spa _ _Spain
96.5%
H _ _ _ aryHungary
93.3%
Cypr _ sCyprus
93%
B _ l _ ar _ aBulgaria
92.6%
Sl _ va _ _ aSlovakia
92.4%
La _ v _ aLatvia
91.6%
L _ x _ _ b _ _ r _Luxembourg
90.9%
L_ _ h _ a _ _ aLithuania
90.8%
Sl _ v _ _ _ aSlovenia
90.4%
P _ la _ _ Poland
89.6%
Without the UK EU Countries % Correct
F _ _ la _ _Finland
89.4%
Cz _ ch _ aCzechia
83.4%
P _ r _ _ _ alPortugal
80.8%
A _ s _ r _ aAustria
79.4%
_ r _ la _ _Ireland
74%
B _ l _ _ _ _Belgium
72.9%
R _ _ a _ _ aRomania
72.8%
_ al _ aMalta
71.5%
_ _ _ _ _ _   _ _ _ _ _ _ _ United Kingdom
62.8%
_ _ _ h _ rla _ _ sNetherlands
62.4%
_ r _ _ c _Greece
61%
_ _ r _ a _ yGermany
55.9%
_ s _ _ _ _ aEstonia
46%
_ _ _ _ ar _Denmark
42.4%

You're not logged in!

Compare scores with friends on all Sporcle quizzes.
OR
Log In

You Might Also Like...

Show Comments

Extras

Top Quizzes Today


Score Distribution

Your Account Isn't Verified!

In order to create a playlist on Sporcle, you need to verify the email address you used during registration. Go to your Sporcle Settings to finish the process.

Report this User

Report this user for behavior that violates our Community Guidelines.

Details: